CPR Steps for Adults - Statistics

General Stats
  • This quiz has been taken 70 times
  • The average score is 4 of 7
Answer Stats
Hint Answer % Correct
Step 1
Check the Scene
94%
Step 2 Tap and Shout
61%
Step 7 Continue step 5+6 until you have to stop
44%
Step 4 Look, Listen, and Feel
44%
Step 6 2 Breaths
42%
Step 5 30 Chest Compressions
39%
Step 3 Call 9-1-1
36%
No matching quizzes found
Score Distribution
Percent of People with Each Score
Percentile by Number Answered
Your Score History
You have not taken this quiz